Účtovná závierka v kontexte Medzinárodných účtovných štandardov pre verejný sektor

Gespeichert in:
Bibliographische Detailangaben
1. Verfasser: Kovalčíková, Antónia
Weitere Verfasser: Kordošová, Alena, 1970-, Kicová, Marianna
Format: Buchkapitel
Sprache:Slowakisch
Tags: Tag hinzufügen
Keine Tags, Fügen Sie das erste Tag hinzu!

MARC

LEADER 00000nla$a2200000$$$4500
001 0062535
005 20240502071715.1
041 0 |a slo 
044 |a SK 
245 1 0 |a Účtovná závierka v kontexte Medzinárodných účtovných štandardov pre verejný sektor  |c Antónia Kovalčíková, Alena Kordošová, Marianna Kicová 
100 1 |a Kovalčíková, Antónia 
700 1 |a Kordošová, Alena, 1970- 
700 1 |a Kicová, Marianna